Dolores - Ralphie Choo - Estadísticas

Estadísticas generales
  • Esta prueba ha sido intentada 6 veces
  • La puntuación promedio es 121 de 158
Estadísticas de respuestas
Letra Respuesta % Correcto
conmigo
100%
difícil
100%
expresar
100%
hace
100%
me
100%
mis
100%
Mis
100%
Estribillo Se
100%
se
100%
sentimientos
100%
Sin
100%
tranquilo
100%
voy
100%
Yo
100%
yo
100%
digo
80%
miro
80%
que
80%
solo
80%
te
80%
Te
80%
vengas
80%
Luego
60%
No
60%
si
60%
60%
carita
40%
esa
40%
mas
40%
pa
40%
quería
40%
saber
40%
saberlo
40%
soñar
40%
sueñas
40%
también
40%
tuya
40%
aguantar
20%
cuanto
20%
podré
20%
Tan
20%
No se encontraron pruebas coincidentes
Distribución de puntuación
Porcentaje de gente con cada puntuación
Porcentaje por número respondido
Historial de tus puntuaciones
No has intentado esta prueba.